00763nam a22001817a 4500003000900000008004100009040007100050082001700121100001800138245003700156260004200193300004400235505021500279650002700494650001500521650001700536700002800553AR-CdUCM190319b ||||| |||| 00| 0 spa d aMUNICIPALIDAD PROVINCIAL DEL CUSCOcBIBLIOTECA MUNICIPAL DEL CUSCO a633.7 /bH11 aHaarer, A. E. aProducción moderna de café / aMéxico, D. F :bContinental,c1964. a652 páginas ;bIlustraciones,c23 cm. aLos albores de la historia del café -- Las especies económicas del café -- Genética y mejoramiento -- Medio ambiente y fisiología -- Sombras y rompevientos -- Propagación del cafeto por semillas ... aProducción de café aGenética aFisiología aGodinez Noriega, Marcos